| 000 | 00515 a2200109 4500 | ||
|---|---|---|---|
| 001 | ART_60640 | ||
| 005 | 20260410161611.0 | ||
| 008 | 260409a | ||
| 245 | 1 | 0 | _aAlgunas diferencias y similitudes entre la norma unificada argentina de contabilidad (NUA) y las normas internacionales de información financiera (NIIF). Resultado del periodo, resultados diferidos y otro resultado integral |
| 100 | 1 | _aZgaib, Alfredo O. | |
| 773 | 0 |
_tProfesional & Empresaria _g- Año XXV, Nº 295 (abr. 2024) _wREV70 |
|
| 999 |
_c10641 _d10641 |
||